[Event "Borsod-chT2 1415"]
[Site "Hungary"]
[Date "2014.10.26"]
[Round "2.8"]
[White "Bako, Bianka"]
[Black "Baranya, Sandor"]
[Result "0-1"]
[WhiteElo "1509"]
[BlackElo "1601"]
[PlyCount "108"]
[EventDate "2014.09.28"]
[EventType "team-tourn"]
[EventRounds "7"]
[EventCountry "HUN"]
[SourceTitle "EXT 2016"]
[Source "ChessBase"]
[SourceDate "2015.10.08"]
[SourceVersion "1"]
[SourceVersionDate "2015.10.08"]
[SourceQuality "1"]
[WhiteTeam "Miskolc KisBocsok III"]
[BlackTeam "Tiszaujvaros"]
[WhiteTeamCountry "HUN"]
[BlackTeamCountry "HUN"]

1. e4 e5 2. Nf3 d6 3. Bc4 Nc6 4. c3 Bg4 5. h3 Bh5 6. d3 Na5 7. Bb5+ c6 8. Ba4 b5 9. Bc2 h6 10. Nbd2 Nf6 11. 0-0 Be7 12. Re1 0-0 13. Nf1 Nb7 14. Ng3 Bg6 15. Nh4 Bh7 16. Nhf5 Bg6 17. Qf3 Nh7 18. Nxe7+ Qxe7 19. Nf5 Qf6 20. d4 Ng5 21. Qe3 Rfe8 22. f4 exf4 23. Qxf4 Bxf5 24. e5 Nxh3+ 25. gxh3 Qg6+ 26. Kh2 Bxc2 27. Rg1 dxe5 28. dxe5 Qe6 29. Qg3 Bg6 30. Bf4 Nc5 31. h4 Rad8 32. h5 Rd3 33. Qg2 Qf5 34. Qg4 Qxh5+ 35. Qxh5 Bxh5 36. Bxh6 Bg6 37. Bf4 Rf3 38. Bg3 Ne4 39. Rae1 Nxg3 40. Rxg3 Rxg3 41. Kxg3 f6 42. Kf4 fxe5+ 43. Rxe5 Rxe5 44. Kxe5 Be8 45. Kf5 Kf7 46. a3 Ke7 47. Ke5 Bd7 48. Kf4 Kf6 49. b3 g5+ 50. Kg3 g4 51. b4 Ke5 52. Kf2 Ke4 53. Ke2 Be6 54. Kd2 Bc4 0-1